Anthropological theory : an introductory history
Αποθηκεύτηκε σε:
| Κύριος συγγραφέας: | |
|---|---|
| Άλλοι συγγραφείς: | |
| Μορφή: | Βιβλίο |
| Γλώσσα: | English |
| Δημοσίευση: |
London :
Mayfield Publishing Company,
2000.
|
| Έκδοση: | 2η έκδ. |
| Θέματα: | |
| Ετικέτες: |
Προσθήκη ετικέτας
Δεν υπάρχουν, Καταχωρήστε ετικέτα πρώτοι!
|
MARC
| LEADER | 00000nam a2200000 a 4500 | ||
|---|---|---|---|
| 001 | 1/127608 | ||
| 008 | 231101s2000####uk | ||| |||| ||eng|| | ||
| 020 | |a 0767411668 | ||
| 040 | |a GR-MyUa |b gre |c GR-MyUa |e AACR2 | ||
| 041 | 0 | |a eng | |
| 082 | 7 | |a 306.01 |2 (23) | |
| 100 | 1 | |a McGee, R. Jon, |d 1955- | |
| 245 | 1 | 0 | |a Anthropological theory : |b an introductory history / |c R. Jon McGee, Richard L. Warms. |
| 250 | |a 2η έκδ. | ||
| 260 | |a London : |b Mayfield Publishing Company, |c 2000. | ||
| 300 | |a viii, 599 σ. ; |c 24 εκ. | ||
| 504 | |a Περιλαμβάνει βιβλιογραφία και ευρετήριο. | ||
| 650 | 0 | |a Anthropology |x Philosophy. | |
| 650 | 0 | |a Anthropology |x Methodology. | |
| 700 | 1 | |a Warms, Richard L. | |
| 852 | |a INST |b LESVOS |e 20231101 |h 306.01 MCG |p 005100065694 |q 005100065694 |t BK |y 0 | ||
| 970 | |a Δημάκη |b Μαρία |z 01-11-2023 | ||